Quizzes
Events
Quiz Creation
Community
Videos
Private Events
Remove Ads
Sign In
Join for FREE
Feedback
Dark Mode
Quiz Categories
Sports
Geography
Music
Movies
Television
Just For Fun
Miscellaneous
History
Literature
Language
Science
Gaming
Entertainment
Religion
Holiday
For Kids
Quiz Lab
Recent
Popular Today
Quiz Kudos Today
Editor Picks
Curator Picks
Quizzes by...
Day
Popularity
Type
Ratings
Length
Year
Community
Subscriptions
Recent Discussions
Orange Saloon
Badges
Playlists
Quests
Create
Leaderboards
Showdown
Live 5
Trivia Bingo
Activity
Puzzle Library
Sporcle Events
Private Events
Virtual Trivia
Globe League
Become a Host
Pub Owners
SporcleCon
Opinionation
Our Games
Videos
Blog
Mobile Apps
Partnerships
Remove Ads and Go Orange
Feedback
History
US Presidents
World Leaders
Politics
Nation
Discovery
War
Decade
Year
Century
Biography
Art
History
US Presidents
World Leaders
Politics
Nation
Discovery
War
Decade
Year
Century
Biography
Art
Random Quiz
Search Sporcle
×
Quiz Lab
Quiz Lab
History
War
Type in answers that appear in a list
Type in answers that appear in a list
Classic
Best Score? Go Orange.
US Senators with Military Service Stats
Can you name the US Senators with Military Service?
By
1989
3m
29 Questions
189 Plays
189 Plays
189 Plays
Comments
Comments
Give Quiz Kudos
Give Quiz Kudos
-
- Ratings
hide this ad
Replay
Link that replays current quiz
Next Quiz
Link to next quiz in quiz playlist
You Got
0%
They Got
Avg Score
52%
Avg Friend Score
Upgrade to see
Score Distribution
Jump to the score distribution portion of the page
Score
0/29
Timer
03:00
0
Plays Today
State
Senator
% Correct
Arizona
John McCain
96.3%
Massachusetts
John Kerry
73.5%
Connecticut
Richard Blumenthal
68.3%
Hawaii
Dan Inouye
62.4%
Alabama
Jeff Sessions
61.9%
South Carolina
Lindsey Graham
61.4%
Kentucky
Mitch McConnell
60.3%
Florida
Bill Nelson
59.3%
New Jersey
Frank Lautenberg
59.3%
Virginia
Jim Webb
56.6%
Pennsylvania
Arlen Specter
54.5%
Rhode Island
Jack Reed
54.5%
Georgia
Johnny Isakson
54%
Hawaii
Dan Akaka
54%
Indiana
Richard Lugar
54%
State
Senator
% Correct
Iowa
Tom Harkin
54%
Delaware
Tom Carper
50.8%
Mississippi
Thad Cochran
50.8%
Mississippi
Roger Wicker
50.8%
Kansas
Pat Roberts
49.2%
Oklahoma
Jim Inhofe
49.2%
South Dakota
Tim Johnson
45%
Wisconsin
Herb Kohl
44.4%
New Mexico
Jeff Bingaman
42.3%
Utah
Robert Bennett
40.7%
Wyoming
Mike Enzi
40.2%
Massachusetts
Scott Brown
37%
Illinois
Mark Kirk
22.8%
Indiana
Dan Coats
22.8%
Quiz Playlist
Details
Report
Send in Message
Add To Playlist
Classic:
Type in answers that appear in a list
Last Updated: Feb 16, 2017
Quiz Scoreboard
CHALLENGE
Sign Up to Join the Scoreboard
Show All
Scores
Hide
Comments
May contain spoilers
Recently Published
Presidents Visiting Landmarks
by Hejman
History
7m
An Introduction to Baseball
by treessimontrees
Sports
5m
Movies - When Are They Set?
by FPL_Elf
Movies
5m
More to Explore
Quiz From the Vault
Featured Blog Post
Where Did the Easter Bunny Come From?
hide this ad
You Might Also Like...
Tags
State Quiz
War Quiz
highlight
Military
senator
Service
US Senators
Today's Top Quizzes in History
Browse History
hide this ad
Today's Top Quizzes in War
Browse War
Top Contributed Quizzes in History
1
Popular People in 1991
2
Popular People in 1981
3
Popular People in 1951
4
Popular People in 1941
5
Popular People in 1986
6
Popular People in 1976
7
Popular People in 1921
8
I Am Born On March 28th
9
Popular People in 1946
10
5-to-1: 20th Century Images of War
Explore More
Trending Topics
Anime
Harry Potter
NBA
Marvel
Disney
Crossword
Kpop
Country
Song
Soccer
Puzzle
NFL
Pokémon
WWE
The Office
hide this ad
More By:
1989
Quiz
Plays
Rating
Category
Featured
Created
US Senators with Military Service
189
3.00
History
Oct 29, 2009
US Secretaries of the Navy
47
History
Jul 1, 2011
Go to Creator's Profile
Score Distribution
Quiz Creator Spotlight
1989
Follow
Send a Message
Quizzes Created
-
Created Quiz Play Count
-
More By This Creator
Popular Quizzes Today
1
Find the US States - No Outlines Minefield
2
Find the Countries of Europe - No Outlines Minefield
3
The Countries of the World
4
Find the US States
5
Popular People in 1961
6
US States
7
Risky Map Clicking: Biggest States A-Z
8
Movies - When Are They Set?
More History Quizzes
Alive to See It? II
Published
Trending Quizzes
Risky Map Clicking: Least Populous States A-Z
1-10 Letter G Words
1-10 Letter F Words
Risky Map Clicking: Next State Alphabetically
Risky Map Clicking: Biggest States A-Z
Recently Updated
Leaping Animals
pecheneg
Reality TV Shows (A-Z)
bhenderson79
Rickey Henderson's Hall of Fame Teammates
pecheneg
Champions League XIs: Arsenal
pecheneg
Quick Pick: Celebrities in WWE's Hall of Fame
aduchscher
A-Z Keypad Blitz II
pecheneg
Multiple Oscar Actors
pecheneg
Mystery Phrase Blitz: Oscar 'Best Actors'
pecheneg
F. Scott Fitzgerald Novels
LTH
Pick 3 Villains
ddd62291
Trending Topics
Harry Potter
NBA
Disney
Marvel
Crossword
Kpop
Anime
Country
Song
The Office
Puzzle
Soccer
Pokémon
WWE
NFL
Your Account Isn't Verified!
In order to create a playlist on Sporcle, you need to verify the email address you used during registration. Go to your
Sporcle Settings
to finish the process.
Report this User
Report this user for behavior that violates our
Community Guidelines
.
Details:
Send Report
Go to the Sporcle.com Mobile Site →
Comments